LEADER 00985nam a2200241 i 4500 001 000000132519 003 CaOOAMICUS 005 20070417000000.0 008 070417s1977 it u000 u ita u 013 $a105477 040 $aSeMil$bita 100 1 $aDescouvemont, Pierre.$0(OLS)http://semarc/name/39896 245 10$aTeresa di Lisieux e il suo prossimo /$cPierre Descouvemont. 260 $aRoma :$bCittà Nuova,$ccopyr. 1977. 300 $a303 p. ;$c18 cm. 490 0 $aCollana di spiritualità 650 4$aTeresa : d'Avila - Spiritualità.$0(OLS)http://semarc/subject/5228 830 0$aCollana di spiritualità.$0(OLS)http://semarc/title/6623 850 $aSeMil 852 $aSeMil$W1$xVenegono$y1$m3H I 411$j86427$B86427$CSeMilBibl$Z2$F122883 $81 961 $aLascito: Maggi mons. Francesco 996 $6245$aTeresa di Lisieux e il suo prossimo$9(OLS)http://semarc/title/194615 996 $6260$aRoma :$bCittà Nuova$9(OLS)http://semarc/publisher/29609 LEADER 01465nam a2200337 i 4500 001 000000175840 003 CaOOAMICUS 005 20081119000000.0 008 081119s1978 it u000 u ita u 013 $a153325 040 $aSeMil$bita 100 0 $aIoannes Paulus II,$c.$0(OLS)http://semarc/name/646 245 10$aEducazione all'amore /$cWojtyla Karol ; traduzione di Elzbieta Cywiak e Vladyslaw Kujawski. 260 $aRoma :$bLogos,$c1978. 300 $a157 p. ;$c21 cm. 490 0 $aBiblioteca universale cristiana ;$v19 500 $aDono di don Romano Martinelli. 650 4$aAmore - Concezione cristiana.$0(OLS)http://semarc/subject/2285 650 4$aGiovanni Paolo II - Antropologia.$0(OLS)http://semarc/subject/38836 700 1 $aKujawski, Vladyslaw.$0(OLS)http://semarc/name/65519 700 1 $aCywiak, Elzbieta.$0(OLS)http://semarc/name/65518 830 0$aBUC : Biblioteca universale cristiana ;$v19.$0(OLS)http://semarc/title/35880 850 $aSeMil 852 $aSeMil$W1$xVenegono$y1$m2A II 464$j126662$B126662$CSeMilBibl$Z2$F137375 $81 900 1 $aWojtyla, Karol,$d<1920-2005>. 900 0 $aGiovanni Paolo II$c. 961 $aOmaggio: Martinelli don Romano 996 $6245$aEducazione all'amore$9(OLS)http://semarc/title/252240 996 $6260$aRoma :$bLogos$9(OLS)http://semarc/publisher/31609